Tratado de osteologia humana (Record no. 165231)

MARC details
000 -LEADER
campo de control de longitud fija 00849nam a22002175i 4500
001 - NÚMERO DE CONTROL
campo de control 165231
003 - IDENTIFICADOR DE NÚMERO DE CONTROL
campo de control ES-MaACL
005 - FECHA Y HORA DE LA ÚLTIMA TRANSACCIÓN
campo de control 20250717090744.0
008 - DATOS DE LONGITUD FIJA--INFORMACIÓN GENERAL
campo de control de longitud fija 050818s1895 po a | |||||||| ||por d
040 ## - FUENTE DE CATALOGACIÓN
Centro catalogador/agencia de origen CAM
Lengua de catalogación spa
Centro/agencia transcriptor CAM
100 1# - ENTRADA PRINCIPAL--NOMBRE DE PERSONA
Nombre de persona Serrano, José Antonio.
9 (RLIN) 132674
245 10 - MENCIÓN DEL TÍTULO
Título Tratado de osteologia humana
Resto del título : morphologia, phylogenia, ontogenia ... /
Mención de responsabilidad, etc. por J.A. Serrano.
260 ## - PUBLICACIÓN, DISTRIBUCIÓN, ETC.
Lugar de publicación, distribución, etc. Lisboa :
Nombre del editor, distribuidor, etc. [s.n.],
Fecha de publicación, distribución, etc. 1895 (
Fabricante Typographia da Academia Real das Sciencias)
300 ## - DESCRIPCIÓN FÍSICA
Extensión 2 v. :
Otras características físicas il. ;
Dimensiones 24 cm.
505 8# - NOTA DE CONTENIDO CON FORMATO
Nota de contenido con formato Contiene: T.I, Tronco (CXIX, 686 p., [1] h. pleg.) - T.II, Membros
650 #4 - PUNTO DE ACCESO ADICIONAL DE MATERIA--TÉRMINO DE MATERIA
Término de materia o nombre geográfico como elemento de entrada Huesos.
9 (RLIN) 136245
650 #7 - PUNTO DE ACCESO ADICIONAL DE MATERIA--TÉRMINO DE MATERIA
Término de materia o nombre geográfico como elemento de entrada Anatomía
Fuente del encabezamiento o término embne
9 (RLIN) 9800
752 ## - ENTRADA AGREGADA--NOMBRE JERÁRQUICO DEL LUGAR
País o entidad superior Portugal -
Ciudad Lisboa
852 ## - LOCALIZACIÓN
Ubicación ES-MaACL
Número de control de estantería G-13805
Nota libre -- Enc. hol. conservando la cub. original
condición física -- Sólo t.I, Tronco (CXIX, 686 p., [1] h. pleg.)
Holdings
Estatus retirado Estado de pérdida Estado de daño No para préstamo Colección Biblioteca de origen Biblioteca actual Ubicación en estantería Fecha de adquisición Fuente de adquisición Total de préstamos Signatura topográfica completa Código de barras Visto por última vez Precio de reemplazo Tipo de ítem Koha
        Libros del s. XIX Biblioteca del Ateneo de Madrid Biblioteca del Ateneo de Madrid Sala Pecera Planta 3 17/01/2008     G-13805 1173261 23/02/2023 23/02/2023 Libro impreso antiguo